000
00319 a2200109 4500
001
ART_17959
005
20260410161656.0
008
260409a
245
1
0
_a
Incremento patrimonial no justificado
100
1
_a
Mecikovsky, Jaime L.
773
0
_t
Práctica profesional
_g
- Nº 117 (may. 2010)
_w
REV542
999
_c
14706
_d
14706